Stazioni Pistoia - Montevarchi T. - Statistics

Statistiche generali
  • Questo quiz è stato fatto 19 volte
  • Il punteggio medio è 14 su 24
Statistiche sulle risposte
Risposta % Corretto
Pistoia
86%
Sesto Fiorentino
86%
Montale - Agliana
79%
Firenze Castello
71%
Montevarchi Terranuova
71%
Pontassieve
71%
Prato Centrale
71%
Calenzano
64%
Prato Porta al Serraglio
64%
Zambra
64%
Figline Valdarno
57%
Firenze Campo di Marte
57%
Firenze Rifredi
57%
Firenze Rovezzano
57%
Firenze Statuto
57%
Incisa
57%
San Giovanni Valdarno
57%
Il Neto
50%
Pratignone
43%
Prato Borgonuovo
43%
Rignano sull'Arno - Reggello
43%
Sieci
43%
Compiobbi
36%
Sant'Ellero
29%
Nessun quiz corrispondente trovato
Distribuzione punteggi
Percentuale di utenti per punteggio
Percentile per numero di risposta
I tuoi punteggi nel tempo
Non hai fatto questo quiz